Логистические затраты в отраслях и сферах деятельности (Запись № 11872865)

Подробности
000 -МАРКЕР
контрольное поле 02561nam0a2200397 i 4500
001 - ИДЕНТИФИКАТОР ЗАПИСИ
контрольное поле RU\NLR\BIBL_A\012094690
005 - ИДЕНТИФИКАТОР ВЕРСИИ
контрольное поле 20260408021424.0
010 ## - МЕЖДУНАРОДНЫЙ СТАНДАРТНЫЙ НОМЕР КНИГИ (ISBN)
Номер (ISBN) 9785885755436
Тираж 500
021 ## - НОМЕР ГОСУДАРСТВЕННОЙ РЕГИСТРАЦИИ
Код страны российская федерация
Номер 2019-58859
Номер Листа государственной регистраци КН-П-4222
035 ## - ДРУГИЕ СИСТЕМНЫЕ НОМЕРА
Идентификатор записи (RuMoRGB)010061746
035 ## - ДРУГИЕ СИСТЕМНЫЕ НОМЕРА
Идентификатор записи (NLR Aleph) 012094690
100 ## - ДАННЫЕ ОБЩЕЙ ОБРАБОТКИ
Данные общей обработки 20190916d2018 km y0rusy50 ca
101 0# - ЯЗЫК РЕСУРСА
Язык текста, звукозаписи и т.д. русский
102 ## - СТРАНА ПУБЛИКАЦИИ ИЛИ ПРОИЗВОДСТВА
Страна публикации российская федерация
105 ## - ПОЛЕ КОДИРОВАННЫХ ДАННЫХ: ТЕКСТОВЫЕ МАТЕРИАЛЫ, МОНОГРАФИЧЕСКИЕ
Кодированные данные о монографическом текстовом документе a|||z|||001zy
200 1# - ЗАГЛАВИЕ И СВЕДЕНИЯ ОБ ОТВЕТСТВЕННОСТИ
Основное заглавие Логистические затраты в отраслях и сферах деятельности
Сведения, относящиеся к заглавию монография
Первые сведения об ответственности [О. М. Гизатуллина, С. В. Гранкина, Т. О. Капп и др.]
Последующие сведения об ответственности под общей редакцией доктора экономических наук Е. Р. Храмцовой
-- Министерство сельского хозяйства Российской Федерации, Федеральное государственнное бюджетное образовательное учреждение высшего образования "Самарская государственная сельскохозяйственная академия", Институт управленческих технологий и аграрного рынка
210 ## - ПУБЛИКАЦИЯ, РАСПРОСТРАНЕНИЕ И ДР.
Место издания, распространения и т.д. Кинель
Имя издателя, распространителя и т. д. РИО Самарской ГСХА
Дата издания, распространения и т.д. 2018
215 ## - ФИЗИЧЕСКАЯ ХАРАКТЕРИСТИКА
Специфическое обозначение материала и объем 172 с.
Другие сведения о физической характеристике ил., табл.
Размеры 21
300 ## - ОБЩИЕ ПРИМЕЧАНИЯ
Текст примечания Авт. указаны на обороте тит. л.
320 ## - ПРИМЕЧАНИЯ О НАЛИЧИИ В ДОКУМЕНТЕ БИБЛИОГРАФИИ / УКАЗАТЕЛЯ
Текст примечания Библиогр.: с. 166-171 (62 назв.)
320 ## - ПРИМЕЧАНИЯ О НАЛИЧИИ В ДОКУМЕНТЕ БИБЛИОГРАФИИ / УКАЗАТЕЛЯ
Текст примечания Алф.-предм. указ.: с. 172
606 1# - НАИМЕНОВАНИЕ ТЕМЫ КАК ПРЕДМЕТ
Наименование темы Логистические издержки
Тематический подзаголовок Управление
Системный номер авторитетной/нормативной записи 2143299
Идентификатор авторитетной/нормативной записи RU\NLR\AUTH\661291555
610 0# - НЕКОНТРОЛИРУЕМЫЕ ПРЕДМЕТНЫЕ ТЕРМИНЫ
Предметный термин логистические издержки
686 1# - ИНДЕКСЫ ДРУГИХ КЛАССИФИКАЦИЙ
Индекс У9(2)-862-21
686 1# - ИНДЕКСЫ ДРУГИХ КЛАССИФИКАЦИЙ
Индекс У40(2)в611
701 #1 - ИМЯ ЛИЦА - АЛЬТЕРНАТИВНАЯ ОТВЕТСТВЕННОСТЬ
Начальный элемент ввода Гизатуллина
Часть имени, кроме начального элемента ввода О. М.
Расширение инициалов личного имени Ольга Михайловна
701 #1 - ИМЯ ЛИЦА - АЛЬТЕРНАТИВНАЯ ОТВЕТСТВЕННОСТЬ
Начальный элемент ввода Гранкина
Часть имени, кроме начального элемента ввода С. В.
Дополнения к именам, кроме дат канд. экон. наук
Расширение инициалов личного имени Светлана Валерьевна
Системный номер авторитетной/нормативной записи 190220
Идентификатор авторитетной/нормативной записи RU\NLR\AUTH\770190271
701 #1 - ИМЯ ЛИЦА - АЛЬТЕРНАТИВНАЯ ОТВЕТСТВЕННОСТЬ
Начальный элемент ввода Капп
Часть имени, кроме начального элемента ввода Т. О.
Дополнения к именам, кроме дат канд. экон. наук
Расширение инициалов личного имени Татьяна Олеговна
Системный номер авторитетной/нормативной записи 190229
Идентификатор авторитетной/нормативной записи RU\NLR\AUTH\770190280
702 #1 - ИМЯ ЛИЦА - ВТОРИЧНАЯ ОТВЕТСТВЕННОСТЬ
Код отношения Редактор
Начальный элемент ввода Храмцова
Часть имени, кроме начального элемента ввода Е. Р.
Дополнения к именам, кроме дат д-р экон. наук
Расширение инициалов личного имени Елена Романовна
Системный номер авторитетной/нормативной записи 190221
Идентификатор авторитетной/нормативной записи RU\NLR\AUTH\770190272
712 02 - НАИМЕНОВАНИЕ ОРГАНИЗАЦИИ - ВТОРИЧНАЯ ОТВЕТСТВЕННОСТЬ
Код отношения Прочие
Начальный элемент ввода Институт управленческих технологий и аграрного рынка
Идентифицирующий признак Самара
Идентификатор авторитетной/нормативной записи RU\NLR\AUTH\8810181321
Системный номер авторитетной/нормативной записи 859260
942 ## - ДОПОЛНИТЕЛЬНЫЕ ЭЛЕМЕНТЫ ЗАПИСИ (АБИС)
Тип экземпляра АБИС Книга
980 ## - КОЛЛЕКЦИЯ
Название коллекции НБР

Нет доступных экземпляров.